000 01207nam a2200301 i 4500
001 12796
003 ES-MaACL
005 20230906150413.0
007 t|
008 901115s1988 sp a |||| | spa j
020 _a84-00-06925-0
080 _a972"1525/1821"(093)
080 _a908(725.1)(049.5)
245 0 0 _aRelaciones geográficas del arzobispado de México, 1743 /
_cedición de Francisco de Solano ; preparación y transcripción de los textos, Catalina Romero ... [et al.].
260 _aMadrid :
_bCentro de Estudios Históricos, Departamento de Historia de América,
_c1988.
300 _a2 v. :
_bil. col. ;
_c24 cm.
490 1 _aColección Tierra nueva e cielo nuevo ;
_v28
500 _aEn cub.: V Centenario del Descubrimiento de América.
504 _aÍndice.
651 4 _aMéxico-
_xHistoria-
_y1521-1821, Época colonial-
_vFuentes.
_9158071
651 4 _aMéxico-
_vRelaciones geográficas.
_99076
700 1 _aSolano, Francisco de.
_9107078
700 1 _aRomero, Catalina.
_999311
710 2 _aCentro de Estudios Históricos (1985-1999)
_92639
830 0 _aColección Tierra nueva e cielo nuevo ;
_v28
_9179366
852 _aES-MaACL
_jL-19987-88
999 _c12796
_d12796